European cities geography quiz - Statistics

General Stats
  • This quiz has been taken 80 times
  • The average score is 13 of 18
Answer Stats
Hint City % Correct
Which city was divided by a wall during the Cold War? Berlin
100%
Capital cities where the Danube flows through Vienna
95%
Which city is known for hosting the Oktoberfest beer festival? Munich
94%
Which city is famous for its "Little Mermaid" statue? Copenhagen
86%
Capital cities where the Danube flows through Budapest
85%
Capital cities where the Danube flows through Bratislava
80%
What is the name of the city where the Nobel Prizes (except the Peace Prize) are awarded? Stockholm
80%
Which city is known for its proximity to Mount Vesuvius and the ancient ruins of Pompeii? Naples
77%
Capital cities where the Danube flows through Bucharest
75%
Which city is the birthplace of Mozart? Salzburg
74%
What is the name of the city where the European Parliament is based? Strasbourg
69%
Capital cities where the Danube flows through Belgrade
66%
Which city is considered the wine capital of the world? Bordeaux
62%
Which Russian city was known as Stalingrad during the Soviet era? Volgograd
62%
In which city would you find the Alhambra palace? Granada
49%
Which city is the capital of the island of Crete in Greece? Heraklion
40%
In which city can you find the Stari Most (Old Bridge)? Mostar
31%
Which city is known as the official hometown of Santa Claus? Rovaniemi
28%
No matching quizzes found
Score Distribution
Percent of People with Each Score
Percentile by Number Answered
Your Score History
You have not taken this quiz